| 000 | 00699nam a2200181Ia 4500 | ||
|---|---|---|---|
| 008 | 090630s9999 xx 000 0 und d | ||
| 082 | _b29017 | ||
| 100 | _aशेवते अरुण. | ||
| 245 |
_aहाती ज्यांच्या शुन्य होते. _cशेवते अरुण. |
||
| 260 |
_bऋतूरंग - मुंबई. _c2008 |
||
| 300 | _a232 | ||
| 600 | _aशेवते अरुण. | ||
| 630 | _aहाती ज्यांच्या शुन्य होते. | ||
| 655 | _aचरित्र. | ||
| 700 | _aशेवते अरुण. | ||
| 730 | _aहाती ज्यांच्या शुन्य होते. | ||
| 942 | _cBOOK | ||
| 999 |
_c280873 _d280873 |
||